000 00713nam a2200229 u 4500
005 20230131063611.0
008 170119s2008 r 000 0 eng d
020 _a9789870007722
035 _aUPN01000215408
049 _aI
050 4 _aQC981.8 G5.6
_bW3.2
100 1 _aWais de Badgen, Irene
_935989
245 1 0 _aCalentamiento global /
_cIrene Wais de Badgen ; il. Claudia Ramos.
260 _aBuenos Aires :
_bLumen,
_c2008.
300 _a48 p. :
_bil.
440 0 _aGeografĂ­a para todos
650 4 _aCALENTAMIENTO GLOBAL -
_vLITERATURA INFANTIL
_923342
650 2 _aMedio ambiente
_95286
650 4 _aCAMBIOS CLIMATICOS -
_vLITERATURA INFANTIL
_923344
905 _aInfantil
999 _c187508
_d187508